Les Luthiers de la L a la S / (Record no. 8933)

MARC details
000 -LEADER
campo de control de longitud fija 00664nam a2200217 i 4500
001 - NÚMERO DE CONTROL
campo de control 8933
003 - IDENTIFICADOR DE NÚMERO DE CONTROL
campo de control ES-MaACL
005 - FECHA Y HORA DE LA ÚLTIMA TRANSACCIÓN
campo de control 20230906145551.0
007 - CAMPO FIJO DE DESCRIPCIÓN FÍSICA--INFORMACIÓN GENERAL
campo de control de longitud fija t|
008 - DATOS DE LONGITUD FIJA--INFORMACIÓN GENERAL
campo de control de longitud fija 921113s1991 ag ||||1| spa d
020 ## - NÚMERO INTERNACIONAL ESTÁNDAR DEL LIBRO
Número Internacional Estándar del Libro 950-515-416-0
080 ## - NÚMERO DE LA CLASIFICACIÓN DECIMAL UNIVERSAL
Número de la Clasificación Decimal Universal 78(82)Luthiers
080 ## - NÚMERO DE LA CLASIFICACIÓN DECIMAL UNIVERSAL
Número de la Clasificación Decimal Universal 7 Luthiers
100 1# - ENTRADA PRINCIPAL--NOMBRE DE PERSONA
Nombre de persona Samper Pizano, Daniel.
9 (RLIN) 102196
245 10 - MENCIÓN DEL TÍTULO
Título Les Luthiers de la L a la S /
Mención de responsabilidad, etc. Daniel Samper Pizano ; prólogo: Roberto Fontanarrosa.
260 ## - PUBLICACIÓN, DISTRIBUCIÓN, ETC.
Lugar de publicación, distribución, etc. Buenos Aires :
Nombre del editor, distribuidor, etc. Ediciones de la Flor,
Fecha de publicación, distribución, etc. cop. 1991.
300 ## - DESCRIPCIÓN FÍSICA
Extensión 211 p. :
Otras características físicas il. ;
Dimensiones 28 cm.
610 27 - PUNTO DE ACCESO ADICIONAL DE MATERIA--NOMBRE DE ENTIDAD CORPORATIVA
Nombre de entidad corporativa o nombre de jurisdicción como elemento de entrada Luthiers, Les.
9 (RLIN) 5562
700 1# - ENTRADA AGREGADA--NOMBRE PERSONAL
Nombre de persona Fontanarrosa, Roberto.
9 (RLIN) 51608
852 ## - LOCALIZACIÓN
Ubicación ES-MaACL
Número de control de estantería L-16342
Sublocalización o colección R.120834
Holdings
Estatus retirado Estado de pérdida Estado de daño No para préstamo Biblioteca de origen Biblioteca actual Ubicación en estantería Fecha de adquisición Fuente de adquisición Total de préstamos Signatura topográfica completa Código de barras Visto por última vez Precio de reemplazo Tipo de ítem Koha
        Biblioteca del Ateneo de Madrid Biblioteca del Ateneo de Madrid Depósito 2 17/01/2008     L-16342 1009121 23/02/2023 23/02/2023 Libro impreso